| 000 | 00546nam a22001577a 4500 | ||
|---|---|---|---|
| 999 |
_c527855 _d527855 |
||
| 020 | _qHard Cover. | ||
| 082 | _a658.15 | ||
| 100 | _aRiaz, Yasir | ||
| 245 |
_aThe Impact of Internal finance and financial constraints on investment : _bEmpirical evidence from manufacturing sector of Pakistan / _cYasir Riaz. |
||
| 260 |
_aIslamabad: _bNBS - NUST, _c2014. |
||
| 300 |
_avi, 61 p. : _c30cm. |
||
| 942 |
_2ddc _cTHE |
||
| 650 |
_aM. Phil. Thesis. _919286 |
||
| 700 |
_aDr. Salim Batla. _917547 |
||